LDR 00591naa#a2200169#i#450# 001 EN\INFRA-M\bibl\102879 005 20260630080810.2 011 ## _a2587-9111 100 ## _a20250930b2025####ek#y0engy0150####ca 102 ## _aRU 200 1# _aScientific Publications as an Indicator of Innovation Activity and Future Economic Development _eJournal article 210 1# _aMoscow _cINFRA-M Academic Publishing LLC. _d2025 215 ## _a4 с. 608 ## _aJournal article _2local 675 ## _aОтрасли народного хозяйства в целом. 338.012 _z 700 #1 _aTemnikov _gA. A. 856 4# _anaukaru.ru _u